Mujeres migrantes. Trayectoria laboral y perspectiva de desarrollo humano /

محفوظ في:
التفاصيل البيبلوغرافية
المؤلف الرئيسي: Camacho Z., Gloria
التنسيق: غير معروف
اللغة:Spanish
منشور في: Argentina : CLACSO
الوسوم: إضافة وسم
لا توجد وسوم, كن أول من يضع وسما على هذه التسجيلة!

MARC

LEADER 00000 a2200000 04500
001 42971
003
008 050702s2010 ag spa d
040
020 |a 978-987-1543-52-6  
090 |a 1001 C172m  
100 |a Camacho Z., Gloria  
245 |a Mujeres migrantes.  |b Trayectoria laboral y perspectiva de desarrollo humano /   |c Gloria Camcho Z.  
260 |a Argentina :   |b CLACSO  
300 |a 272 páginas  
999 |c 1915  |d 1915